[Event "Crema op-B 17th"]
[Site "Crema"]
[Date "2016.09.04"]
[Round "5"]
[White "Maraschi, Alberto"]
[Black "Galli, Fabrizio"]
[Result "1-0"]
[WhiteElo "1311"]
[BlackElo "1435"]
[PlyCount "138"]
[EventDate "2016.09.02"]
[EventType "swiss"]
[EventRounds "6"]
[EventCountry "ITA"]
[SourceTitle "EXT 2018"]
[Source "ChessBase"]
[SourceDate "2017.10.13"]
[SourceVersion "1"]
[SourceVersionDate "2017.10.13"]
[SourceQuality "1"]

1. e4 c5 2. Nf3 Nc6 3. Nc3 a6 4. Be2 e6 5. b3 Be7 6. Bb2 Qc7 7. d3 Nf6 8. Qd2 0-0 9. h3 b5 10. Qe3 Nb4 11. Rc1 d6 12. a3 Nc6 13. 0-0 h6 14. Nd2 Nh7 15. Qg3 Nd4 16. Nf3 Nxe2+ 17. Nxe2 e5 18. c3 Nf6 19. Nh4 Nh5 20. Qf3 Nf6 21. Nf5 Nh7 22. h4 Bxf5 23. Qxf5 Bxh4 24. Qg4 Bg5 25. Rc2 Nf6 26. Qg3 Qe7 27. f4 Nh5 28. Qh2 Nxf4 29. Nxf4 Bxf4 30. Qh3 Qg5 31. Bc1 Bxc1 32. Rfxc1 f5 33. Re1 f4 34. Qe6+ Kh8 35. Qxd6 f3 36. Rf2 c4 37. b4 cxd3 38. Qxd3 Rad8 39. Qf1 Qg4 40. Rxf3 Rxf3 41. Qxf3 Qxf3 42. gxf3 Rd3 43. Rc1 Rxf3 44. a4 Rf4 45. axb5 axb5 46. Re1 g5 47. Kg2 Kg7 48. c4 bxc4 49. b5 Rf6 50. Rc1 Rb6 51. Rxc4 Rxb5 52. Kg3 Rb7 53. Rc5 Re7 54. Kg4 Re6 55. Kf5 Rf6+ 56. Kxe5 Kg6 57. Kd4 h5 58. e5 Rf1 59. Kd5 Rf5 60. Rc6+ Kg7 61. Ke4 Rf4+ 62. Ke3 h4 63. e6 Rf8 64. Rc7+ Kf6 65. Kf3 Kxe6+ 66. Kg4 Rf5 67. Rc6+ Ke5 68. Rc5+ Kf6 69. Rxf5+ Kg6 1-0

[Event "Crema op-B 17th"]
[Site "Crema"]
[Date "2016.09.03"]
[Round "3"]
[White "Silini, Bruno"]
[Black "Maraschi, Alberto"]
[Result "1-0"]
[WhiteElo "1572"]
[BlackElo "1311"]
[PlyCount "69"]
[EventDate "2016.09.02"]
[EventType "swiss"]
[EventRounds "6"]
[EventCountry "ITA"]
[SourceTitle "EXT 2018"]
[Source "ChessBase"]
[SourceDate "2017.10.13"]
[SourceVersion "1"]
[SourceVersionDate "2017.10.13"]
[SourceQuality "1"]

1. e4 c6 2. c4 d5 3. d4 dxe4 4. Nc3 Nf6 5. Qc2 Qxd4 6. Be3 Qd8 7. Nxe4 Bf5 8. Nxf6+ exf6 9. Qxf5 Bb4+ 10. Ke2 0-0 11. a3 Be7 12. Qd3 Qc7 13. g3 Nd7 14. Nf3 Rfe8 15. Bh3 Rad8 16. Bxd7 Rxd7 17. Qc3 Bd8 18. Kf1 b6 19. Kg2 c5 20. Rhd1 Rde7 21. Rd5 Qb7 22. Rad1 Bc7 23. Kg1 h6 24. Nh4 Qc8 25. Qd2 g5 26. Nf5 Re4 27. Nd6 Bxd6 28. Rxd6 Qf5 29. Qd3 Kg7 30. Rd7 h5 31. Qe2 Kg6 32. Rxa7 Qe6 33. Rdd7 Rxc4 34. Qd3+ f5 35. Ra6 1-0

[Event "Crema op 16th"]
[Site "Crema"]
[Date "2015.09.05"]
[Round "4"]
[White "Lima, Francesco"]
[Black "Maraschi, Alberto"]
[Result "1-0"]
[WhiteElo "1651"]
[BlackElo "1347"]
[PlyCount "143"]
[EventDate "2015.09.04"]
[EventType "swiss"]
[EventRounds "6"]
[EventCountry "ITA"]
[SourceTitle "EXT 2024"]
[Source "ChessBase"]
[SourceDate "2023.10.10"]
[SourceVersion "1"]
[SourceVersionDate "2023.10.10"]
[SourceQuality "1"]

1. e4 c6 2. d4 d5 3. Nc3 g6 4. e5 Bf5 5. Nf3 Bg7 6. h3 Nd7 7. Bd3 Bxd3 8. Qxd3 e6 9. 0-0 Ne7 10. Re1 0-0 11. Bg5 c5 12. Qe3 Nf5 13. Qd2 Qb6 14. Na4 Qc6 15. Nc3 cxd4 16. Nxd4 Nxd4 17. Qxd4 a6 18. Bf4 b5 19. a3 Qc4 20. Qd2 d4 21. Ne4 Qd5 22. Bh6 Bxh6 23. Qxh6 Qxe5 24. Rad1 Qg7 25. Qxg7+ Kxg7 26. Rxd4 Ne5 27. b3 Rfc8 28. Nd6 Nc6 29. Rf4 Rc7 30. c4 bxc4 31. Rxc4 Rd8 32. Rd1 Kg8 33. Rd2 Kf8 34. Ne4 Rxd2 35. Nxd2 Ke7 36. Ne4 h5 37. f4 f5 38. Ng5 Kd7 39. Rc3 Rb7 40. Re3 Nd8 41. Nf3 Rb6 42. Ne5+ Ke8 43. Nxg6 Nb7 44. Ne5 Nc5 45. b4 Ne4 46. Nd3 h4 47. Ne5 a5 48. Nf3 axb4 49. axb4 Rxb4 50. Nxh4 Kf7 51. Nf3 Kf6 52. Ne5 Rb2 53. h4 Rf2 54. Rxe4 Rxg2+ 55. Kxg2 fxe4 56. Kf2 Kf5 57. Ke3 Kf6 58. Kxe4 Kg7 59. Kf3 Kh6 60. Kg4 Kg7 61. Kg5 Kh7 62. h5 Kg7 63. h6+ Kh7 64. Kf6 Kxh6 65. Kxe6 Kg7 66. Ke7 Kg8 67. f5 Kg7 68. f6+ Kg8 69. f7+ Kh7 70. Kf6 Kh6 71. f8Q+ Kh5 72. Qh8# 1-0

[Event "La Piazzetta op 1st"]
[Site "Casalpusterlengo"]
[Date "2014.10.03"]
[Round "1"]
[White "Nordio, Giorgio"]
[Black "Maraschi, Alberto"]
[Result "1-0"]
[WhiteElo "1718"]
[BlackElo "1339"]
[PlyCount "121"]
[EventDate "2014.10.03"]
[EventType "swiss"]
[EventRounds "5"]
[EventCountry "ITA"]
[SourceTitle "EXT 2016"]
[Source "ChessBase"]
[SourceDate "2015.10.08"]
[SourceVersion "1"]
[SourceVersionDate "2015.10.08"]
[SourceQuality "1"]

1. c4 c6 2. g3 d5 3. Bg2 dxc4 4. Nf3 b5 5. 0-0 Bb7 6. Qc2 Nf6 7. Rd1 e6 8. d3 cxd3 9. Rxd3 Qc7 10. Bf4 Qc8 11. Nbd2 c5 12. b3 Nd5 13. a3 Nd7 14. Be5 Ba6 15. e4 N5b6 16. Rc3 Be7 17. Bxg7 Rg8 18. Bd4 Qd8 19. Be3 Bf6 20. e5 Nxe5 21. Nxe5 Bxe5 22. Bxa8 Bxc3 23. Bc6+ Nd7 24. Qxc3 Qc7 25. Bxd7+ Qxd7 26. Qxc5 Bb7 27. Qe5 Qc6 28. f3 Ke7 29. Qc5+ Qxc5 30. Bxc5+ Kd7 31. Ne4 Rg6 32. Bxa7 f5 33. Nc5+ Kc7 34. Nxb7 Kxb7 35. Be3 e5 36. Rd1 f4 37. Bf2 Kc6 38. Kg2 h5 39. Rc1+ Kd6 40. Rc5 fxg3 41. hxg3 h4 42. Rxb5 Rg7 43. Kh3 hxg3 44. Bxg3 Rh7+ 45. Kg2 Kc6 46. Rxe5 Rb7 47. b4 Ra7 48. b5+ Kd6 49. Rh5+ Ke6 50. b6 Rxa3 51. b7 Ra2+ 52. Kh3 Rb2 53. b8Q Rxb8 54. Bxb8 Kf6 55. Re5 Kg6 56. Kg4 Kf6 57. Bc7 Kg6 58. Re6+ Kf7 59. Kf5 Kg7 60. Rf6 Kh7 61. Rg6 1-0

[Event "Lodi Weekend Wasken Boys 2nd"]
[Site "Lodi"]
[Date "2014.06.08"]
[Round "4"]
[White "Madaschi, Sergio"]
[Black "Maraschi, Alberto"]
[Result "1-0"]
[WhiteElo "1503"]
[BlackElo "1326"]
[PlyCount "66"]
[EventDate "2014.06.06"]
[EventType "swiss"]
[EventRounds "5"]
[EventCountry "ITA"]
[SourceTitle "EXT 2024"]
[Source "ChessBase"]
[SourceDate "2023.10.10"]
[SourceVersion "1"]
[SourceVersionDate "2023.10.10"]
[SourceQuality "1"]

1. e4 c6 2. d4 d5 3. Nc3 dxe4 4. Nxe4 Bf5 5. Ng3 Bg6 6. h4 h6 7. Nf3 Nd7 8. Bd3 Bxd3 9. Qxd3 Ngf6 10. 0-0 e6 11. Bf4 Nd5 12. Bd2 Bd6 13. Ne4 N7f6 14. Nxd6+ Qxd6 15. g3 b6 16. a3 a5 17. c4 Ne7 18. Bf4 Qd7 19. Ne5 Qb7 20. Rfd1 Rd8 21. Qe2 c5 22. dxc5 Rxd1+ 23. Rxd1 Nd7 24. Nxd7 Ng6 25. Be3 bxc5 26. Nxc5 Qc6 27. Qd3 0-0 28. Qe4 Qc8 29. b4 axb4 30. axb4 Re8 31. b5 f5 32. Qc6 Qb8 33. Nd7 Ne7 1-0

[Event "Lodi Weekend Wasken Boys 2nd"]
[Site "Lodi"]
[Date "2014.06.06"]
[Round "1"]
[White "Maraschi, Alberto"]
[Black "Ciochetta, Giovanni"]
[Result "0-1"]
[WhiteElo "1326"]
[BlackElo "1573"]
[PlyCount "142"]
[EventDate "2014.06.06"]
[EventType "swiss"]
[EventRounds "5"]
[EventCountry "ITA"]
[SourceTitle "EXT 2024"]
[Source "ChessBase"]
[SourceDate "2023.10.10"]
[SourceVersion "1"]
[SourceVersionDate "2023.10.10"]
[SourceQuality "1"]

1. e4 e5 2. Nf3 Nf6 3. Nxe5 d6 4. Nf3 Nxe4 5. Qe2 Qe7 6. d3 Nf6 7. Qxe7+ Bxe7 8. Be2 Bg4 9. 0-0 Nc6 10. Nc3 0-0-0 11. Bg5 h6 12. Bxf6 Bxf6 13. Rae1 Nb4 14. Bd1 Bxc3 15. bxc3 Nxa2 16. c4 Nc3 17. Re7 Nxd1 18. Rxd1 Rd7 19. Rde1 Bxf3 20. gxf3 Kd8 21. R7e4 a5 22. f4 c6 23. f5 f6 24. Ra1 b6 25. Re6 Re8 26. c5 dxc5 27. Rxc6 Rb7 28. Rb1 Re5 29. Rbxb6 Rxb6 30. Rxb6 Rxf5 31. Ra6 c4 32. Ra8+ Kc7 33. Ra7+ Kb6 34. Rxg7 cxd3 35. cxd3 a4 36. Rg4 Kb5 37. Kf1 Rc5 38. Ke1 a3 39. Kd2 a2 40. Rg1 Kb4 41. d4 Rd5 42. Kc2 Rxd4 43. Kb2 Rd2+ 44. Ka1 Rxf2 45. Rg4+ Kc3 46. Rg3+ Kd4 47. Rh3 f5 48. Rxh6 f4 49. Rh4 Ke3 50. Rh3+ f3 51. Rh7 Rd2 52. Re7+ Kf2 53. Rf7 Kg2 54. h4 f2 55. h5 f1Q+ 56. Rxf1 Kxf1 57. h6 Rh2 58. h7 Rxh7 59. Kxa2 Rb7 60. Ka3 Ke2 61. Ka4 Kd3 62. Ka5 Kc4 63. Ka6 Rb2 64. Ka5 Rb4 65. Ka6 Kc5 66. Ka5 Kc4 67. Ka6 Rb5 68. Ka7 Kc5 69. Ka6 Rb1 70. Ka7 Kc6 71. Ka8 Kc7 0-1

[Event "Vescovato Gerolamo op-B 13th"]
[Site "Vescovato"]
[Date "2014.04.25"]
[Round "1"]
[White "Zordan, Giovanni"]
[Black "Maraschi, Alberto"]
[Result "1/2-1/2"]
[WhiteElo "1691"]
[BlackElo "1318"]
[PlyCount "137"]
[EventDate "2014.04.25"]
[EventType "swiss"]
[EventRounds "6"]
[EventCountry "ITA"]
[SourceTitle "EXT 2024"]
[Source "ChessBase"]
[SourceDate "2023.10.10"]
[SourceVersion "1"]
[SourceVersionDate "2023.10.10"]
[SourceQuality "1"]

1. e4 c6 2. Nf3 d5 3. exd5 cxd5 4. Bb5+ Bd7 5. Bxd7+ Nxd7 6. d4 Qa5+ 7. c3 Qa6 8. Bf4 g6 9. Nbd2 Bh6 10. Bxh6 Nxh6 11. Qb3 Nb6 12. a4 0-0 13. Qb5 Qxb5 14. axb5 a5 15. Nb3 Nc4 16. Ra2 b6 17. Nbd2 Nd6 18. Ne5 Rfd8 19. Nc6 Rd7 20. Nb4 Nxb5 21. Nxd5 Rxd5 22. c4 Rxd4 23. cxb5 Rad8 24. b3 Ng4 25. h3 Nxf2 26. Rf1 Nd3+ 27. Ke2 Nf4+ 28. Rxf4 Rxf4 29. Nc4 Re4+ 30. Kf3 f5 31. Nxb6 Rb8 32. Nc4 Rxb5 33. Nxa5 e5 34. g4 Rf4+ 35. Kg3 Kg7 36. Ra3 Kh6 37. Nc4 Rd4 38. gxf5 gxf5 39. Ra6+ Kh5 40. Rb6 Rxb6 41. Nxb6 Rd3+ 42. Kg2 Rxb3 43. Nc4 e4 44. Nd6 Kg5 45. h4+ Kf4 46. Nf7 e3 47. Ng5 e2 48. Kf2 Rb2 49. Nxh7 Kg4 50. Ng5 Kxh4 51. Nf3+ Kg4 52. Nd4 f4 53. Nc6 f3 54. Ne5+ Kf4 55. Nd3+ Ke4 56. Nxb2 Kd4 57. Ke1 Kc3 58. Na4+ Kc2 59. Nc5 Kc3 60. Ne4+ Kd4 61. Ng3 Kd3 62. Nh1 Ke3 63. Nf2 Kf4 64. Nh1 Kg4 65. Kf2 Kh3 66. Ke1 Kg2 67. Nf2 Kg1 68. Nd3 Kh2 69. Kf2 1/2-1/2

[Event "Crema op 15th"]
[Site "Crema"]
[Date "2013.08.31"]
[Round "4"]
[White "Giassi, Roberto"]
[Black "Maraschi, Alberto"]
[Result "0-1"]
[WhiteElo "1470"]
[BlackElo "1339"]
[PlyCount "66"]
[EventDate "2013.08.30"]
[EventType "swiss"]
[EventRounds "6"]
[EventCountry "ITA"]
[SourceTitle "EXT 2015"]
[Source "ChessBase"]
[SourceDate "2014.11.20"]
[SourceVersion "1"]
[SourceVersionDate "2014.11.20"]
[SourceQuality "1"]

1. e4 c6 2. d4 d5 3. e5 Bf5 4. g4 Be4 5. f3 Bg6 6. Nh3 e6 7. Nf4 Qh4+ 8. Ke2 Be7 9. Be3 Nd7 10. Ng2 Qh3 11. Nc3 Be4 12. Nxe4 dxe4 13. Kd2 exf3 14. Nf4 Qxg4 15. Rg1 Qf5 16. Qxf3 c5 17. Bd3 Nxe5 18. dxe5 Qxe5 19. Qxb7 Rd8 20. c4 g5 21. Qc6+ Rd7 22. Rab1 gxf4 23. Bf2 Qf5 24. Qf3 Qe5 25. Rge1 Qd6 26. Rbd1 f5 27. Qh5+ Kd8 28. Kc2 Qc6 29. Qe2 Rd6 30. Qe5 Bf6 31. Qxc5 Qd7 32. Bxf5 Qa4+ 33. Kb1 Rxd1+ 0-1

[Event "Crema op 15th"]
[Site "Crema"]
[Date "2013.08.30"]
[Round "1"]
[White "Maraschi, Alberto"]
[Black "Cordioli, Luca"]
[Result "0-1"]
[WhiteElo "1339"]
[BlackElo "1731"]
[PlyCount "116"]
[EventDate "2013.08.30"]
[EventType "swiss"]
[EventRounds "6"]
[EventCountry "ITA"]
[SourceTitle "EXT 2015"]
[Source "ChessBase"]
[SourceDate "2014.11.20"]
[SourceVersion "1"]
[SourceVersionDate "2014.11.20"]
[SourceQuality "1"]

1. e4 c5 2. Nf3 d6 3. d4 cxd4 4. Nxd4 g6 5. Bb5+ Bd7 6. Bxd7+ Nxd7 7. Nc3 Bg7 8. b3 Qa5 9. Bb2 Ngf6 10. 0-0 0-0 11. Nf3 Nxe4 12. Nxe4 Bxb2 13. Qe1 Qxe1 14. Raxe1 d5 15. Ned2 e5 16. Nb1 e4 17. Ng5 h6 18. Nh3 Rac8 19. Re2 Be5 20. Rd1 Nb6 21. a4 a5 22. Na3 g5 23. f3 f5 24. g3 Rfd8 25. f4 Bf6 26. fxg5 Bxg5 27. Nb5 Kh7 28. Rf2 Be3 29. c3 Rd7 30. Kg2 Bxf2 31. Kxf2 Na8 32. c4 Nc7 33. Nxc7 Rcxc7 34. cxd5 Rc2+ 35. Kg1 Rb2 36. Nf4 Rxb3 37. Ne6 Rd3 38. Re1 R7xd5 39. Nf4 Rd1 40. Kf2 Rxe1 41. Nxd5 Ra1 42. Ne7 Rxa4 43. Nxf5 Ra2+ 44. Kg1 Rd2 45. Ne3 a4 46. h4 Rd3 47. Kf2 Rxe3 48. Kxe3 a3 49. Kxe4 a2 50. Kf4 a1Q 51. Kg4 Qd4+ 52. Kh3 b5 53. h5 b4 54. g4 b3 55. Kg3 b2 56. Kh3 b1R 57. Kg3 Rb3+ 58. Kh4 Qf2# 0-1

[Event "Crema op 14th"]
[Site "Crema"]
[Date "2012.08.31"]
[Round "2"]
[White "Pisani, Valerio"]
[Black "Maraschi, Alberto"]
[Result "1-0"]
[WhiteElo "1698"]
[BlackElo "1337"]
[PlyCount "77"]
[EventDate "2012.08.31"]
[EventType "swiss"]
[EventRounds "6"]
[EventCountry "ITA"]
[SourceTitle "EXT 2014"]
[Source "ChessBase"]
[SourceDate "2013.11.20"]
[SourceVersion "1"]
[SourceVersionDate "2013.11.20"]
[SourceQuality "1"]

1. Nc3 c6 2. e4 d5 3. d4 dxe4 4. Nxe4 Bf5 5. Ng3 Bg6 6. Nf3 Nd7 7. Bd3 Bxd3 8. Qxd3 e6 9. 0-0 Be7 10. Re1 h6 11. Nh5 Bf6 12. Nf4 Ne7 13. d5 Nc5 14. Qc4 Qd6 15. Be3 exd5 16. Qxc5 Qxc5 17. Bxc5 g5 18. Nh5 Bxb2 19. Rxe7+ Kd8 20. Rb1 Re8 21. Rxe8+ Kxe8 22. Rxb2 b6 23. Nf6+ Kd8 24. Bd6 Kc8 25. Ne5 Kb7 26. a4 Rd8 27. Nxf7 Rc8 28. a5 b5 29. Bc5 Ka6 30. c3 Rc7 31. Nxh6 Rg7 32. Bd4 Re7 33. Kf1 Re6 34. Nd7 Rxh6 35. Nc5+ Kxa5 36. Ra2+ Kb6 37. Nb3+ Kc7 38. Rxa7+ Kd6 39. Nc5 1-0

[Event "Codogno op 3rd B"]
[Site "Codogno"]
[Date "2011.10.16"]
[Round "5"]
[White "Vecchio, Paolo L"]
[Black "Maraschi, Alberto"]
[Result "1/2-1/2"]
[WhiteElo "1335"]
[BlackElo "1386"]
[PlyCount "112"]
[EventDate "2011.10.14"]
[EventType "swiss"]
[EventRounds "5"]
[EventCountry "ITA"]
[SourceTitle "EXT 2024"]
[Source "ChessBase"]
[SourceDate "2023.10.10"]
[SourceVersion "1"]
[SourceVersionDate "2023.10.10"]
[SourceQuality "1"]

1. e4 c6 2. d4 d5 3. e5 Bf5 4. Bd3 Bxd3 5. Qxd3 e6 6. Nf3 Nd7 7. Nc3 Be7 8. Bd2 Nh6 9. Bxh6 gxh6 10. 0-0-0 Bg5+ 11. Kb1 Qe7 12. Nxg5 hxg5 13. g4 0-0-0 14. Rdf1 Nb6 15. f4 h5 16. h3 Nc4 17. f5 f6 18. exf6 Qxf6 19. fxe6 Qxe6 20. Re1 Qd7 21. Qf5 hxg4 22. hxg4 Rh4 23. Qxg5 Rxg4 24. Qc1 Rxd4 25. Rd1 Rg4 26. b3 Nb6 27. Rhe1 d4 28. Qa3 Nd5 29. Nxd5 Qxd5 30. Qxa7 Qf5 31. Re7 Rd7 32. Rxd7 Qxd7 33. Qa8+ Kc7 34. Qa5+ Kd6 35. Qb4+ c5 36. Qd2 Qh7 37. Qd3 Qxd3 38. Rxd3 b6 39. a4 Kc6 40. Kb2 Kb7 41. c3 Rg2+ 42. Ka3 dxc3 43. Rxc3 Ka6 44. Rh3 Rg8 45. Rh4 Rg3 46. Rc4 Ka5 47. Kb2 Rd3 48. Rc3 Rd4 49. Ka3 Rd5 50. Rc4 Rd3 51. Kb2 Rd4 52. Kc3 Rxc4+ 53. Kxc4 Ka6 54. Kd5 Ka5 55. Kc4 Ka6 56. Kd5 Ka5 1/2-1/2

[Event "Codogno op 3rd B"]
[Site "Codogno"]
[Date "2011.10.14"]
[Round "1"]
[White "Stanzani, Maurizio"]
[Black "Maraschi, Alberto"]
[Result "1-0"]
[WhiteElo "1603"]
[BlackElo "1386"]
[PlyCount "59"]
[EventDate "2011.10.14"]
[EventType "swiss"]
[EventRounds "5"]
[EventCountry "ITA"]
[SourceTitle "EXT 2024"]
[Source "ChessBase"]
[SourceDate "2023.10.10"]
[SourceVersion "1"]
[SourceVersionDate "2023.10.10"]
[SourceQuality "1"]

1. d4 c6 2. c4 d5 3. Nc3 Bf5 4. cxd5 cxd5 5. Qb3 Nf6 6. Qxb7 Nbd7 7. Nxd5 Qa5+ 8. Nc3 Rb8 9. Qf3 Be4 10. Qf4 e5 11. dxe5 Nxe5 12. Bd2 Bg6 13. Ne4 Qd5 14. Nxf6+ gxf6 15. Qa4+ Nd7 16. Nf3 Be4 17. Rc1 Bxf3 18. gxf3 Kd8 19. Bh3 f5 20. Ba5+ Nb6 21. Rd1 Qxd1+ 22. Qxd1+ Kc8 23. Bxf5+ Kb7 24. Bxb6 axb6 25. Qd7+ Ka6 26. Bd3+ b5 27. Qc6+ Ka5 28. Qc7+ Rb6 29. a3 b4 30. Qa7+ 1-0